000
002630000a22000970004500
100
1
_a
Boesak, Allan (1946-)
245
1
0
_a
Jesus Christ the life of the world
300
_a
Vol. 37. Num 3 (Septiembre, 1983), Páginas 232-238
773
0
_t
Reformed World
942
_c
ANA
999
_c
55237
_d
55237